000 00395nas a2200157 a 4500
001 68586
003 142079
005 20201118110541.0
008 ||||||n9999 ||| || ||
041 _aspa
245 0 _aBoletin IAPQ - No.20
260 _aMéxico :
_bInstituto de Administracion Publica de Queretaro A.C.,
_c1995.
562 _e0
773 _068584
_aBoletin IAPQ
942 _cSISS
999 _c68586
_d68586